| 000 | 01250 a2200193 4500 | ||
|---|---|---|---|
| 003 | Nust | ||
| 005 | 20230202135452.0 | ||
| 010 | _a00006784 | ||
| 040 | _cNust | ||
| 082 | _a952,GRI | ||
| 100 |
_aGriffis, William Elliot, _9108529 |
||
| 245 |
_aVerbeck of Japan : _ba citizen of no country; a life story of foundation work inaugurated by Guido Fridolin Verbeck / _cWilliam Elliot Griffis, |
||
| 260 |
_aNew York, Chicago [etc.] _bFleming H. Revell company _cc1900 |
||
| 300 |
_a376 p _bfront., _cplates, _eports., _ffacsim. _g21 cm |
||
| 505 | _aA Glance in Perspective (Page-17), The Koppel (Page-29), In the Land of Opportunity (Page-48) ,A Glance of old Japan (Page-69), In Nagasaki : First Impressions (Page-80), Political Upheaval (Page-100), The Doors Opening (Page-115), The Revolutions of 1868 (Page-142), Trip to Osaka (Page-157), Called to the Capital (Page-180), The Biographer in Tokio (Page-217), Among All Sports and Conditions of Men (Page-240), The Great Embassy to Christendom (Page-255), Decorated by the Emperor (Page-277), Preacher and Translator (Page-301), A Man Without a Country (Page-327), Weary with the March of Life (Page-348). | ||
| 600 |
_aGriffis, William Elliot, _9108529 |
||
| 650 |
_aJapan _9108530 |
||
| 942 |
_2ddc _cBK |
||
| 999 |
_c187272 _d187272 |
||